000 00505nam a2200181Ia 4500
008 090124s9999 xx 000 0 und d
082 _b35995
100 _aपाडगंावकर मंगेश
245 _a गझल
250 _a3
260 _bमौज प्रकाशन
_c1997
300 _a85
600 _aपाडगंावकर मंगेश
630 _a गझल
700 _aपाडगंावकर मंगेश
730 _a गझल
942 _cBOOK
999 _c101992
_d101992